Detection of Heat-Stressed Furnace Wall’s Areas Based on Results of Numerical Simulations of Thermal Flows; MATEC Web of Conferences; Vol. 72 : Heat and Mass Transfer in the System of Thermal Modes of Energy – Technical and Technological Equipment (HMTTSC-2016)
| Parent link: | MATEC Web of Conferences Vol. 72 : Heat and Mass Transfer in the System of Thermal Modes of Energy – Technical and Technological Equipment (HMTTSC-2016).— 2016.— [01089, 4 p.] |
|---|---|
| Yazar: | |
| Müşterek Yazar: | |
| Diğer Yazarlar: | , |
| Özet: | Title screen In this paper, a numerical study of the formation of nitrogen oxides in the combustion chamber based on the model created by Mitchellom and Terbellom. The distribution of furnace temperature and the concentration of nitrogen oxides, as well as a comparison of numerical results with the data of field experiment. |
| Dil: | İngilizce |
| Baskı/Yayın Bilgisi: |
2016
|
| Konular: | |
| Online Erişim: | http://dx.doi.org/10.1051/matecconf/20167201089 http://earchive.tpu.ru/handle/11683/33475 |
| Materyal Türü: | MixedMaterials Elektronik Kitap Bölümü |
| KOHA link: | https://koha.lib.tpu.ru/cgi-bin/koha/opac-detail.pl?biblionumber=649953 |
MARC
| LEADER | 00000nla2a2200000 4500 | ||
|---|---|---|---|
| 001 | 649953 | ||
| 005 | 20231215135409.0 | ||
| 035 | |a (RuTPU)RU\TPU\network\15123 | ||
| 035 | |a RU\TPU\network\15121 | ||
| 090 | |a 649953 | ||
| 100 | |a 20160901a2016 k y0engy50 ba | ||
| 101 | 0 | |a eng | |
| 105 | |a y z 100zy | ||
| 135 | |a drcn ---uucaa | ||
| 181 | 0 | |a i | |
| 182 | 0 | |a b | |
| 200 | 1 | |a Detection of Heat-Stressed Furnace Wall’s Areas Based on Results of Numerical Simulations of Thermal Flows |f V. V Popov, T. S. Taylasheva, V. M. Lebedev | |
| 203 | |a Text |c electronic | ||
| 300 | |a Title screen | ||
| 320 | |a [References: 2 tit.] | ||
| 330 | |a In this paper, a numerical study of the formation of nitrogen oxides in the combustion chamber based on the model created by Mitchellom and Terbellom. The distribution of furnace temperature and the concentration of nitrogen oxides, as well as a comparison of numerical results with the data of field experiment. | ||
| 461 | 0 | |0 (RuTPU)RU\TPU\network\4526 |t MATEC Web of Conferences | |
| 463 | 0 | |0 (RuTPU)RU\TPU\network\14977 |t Vol. 72 : Heat and Mass Transfer in the System of Thermal Modes of Energy – Technical and Technological Equipment (HMTTSC-2016) |o April 19-21, 2016, Tomsk, Russia |o [proceedings] |f National Research Tomsk Polytechnic University (TPU) ; eds. G. V. Kuznetsov [et al.] |v [01089, 4 p.] |d 2016 | |
| 610 | 1 | |a электронный ресурс | |
| 610 | 1 | |a труды учёных ТПУ | |
| 610 | 1 | |a численное моделирование | |
| 610 | 1 | |a печи | |
| 610 | 1 | |a тепловые потоки | |
| 610 | 1 | |a оксид азота | |
| 610 | 1 | |a камеры сгорания | |
| 610 | 1 | |a окислы азота | |
| 610 | 1 | |a температурные поля | |
| 610 | 1 | |a ДКВР-20 | |
| 610 | 1 | |a природные газы | |
| 610 | 1 | |a сжигание в котлах | |
| 700 | 1 | |a Popov |b V. V | |
| 701 | 1 | |a Taylasheva |b T. S. |c specialist in the field of thermal engineering |c Associate Professor of Tomsk Polytechnic University, candidate of technical sciences |f 1975- |g Tatiana Sergeevna |3 (RuTPU)RU\TPU\pers\37175 |9 20153 | |
| 701 | 1 | |a Lebedev |b V. M. | |
| 712 | 0 | 2 | |a Национальный исследовательский Томский политехнический университет (ТПУ) |b Энергетический институт (ЭНИН) |b Кафедра парогенераторостроения и парогенераторных установок (ПГС и ПГУ) |3 (RuTPU)RU\TPU\col\18681 |
| 801 | 2 | |a RU |b 63413507 |c 20170120 |g RCR | |
| 856 | 4 | |u http://dx.doi.org/10.1051/matecconf/20167201089 | |
| 856 | 4 | |u http://earchive.tpu.ru/handle/11683/33475 | |
| 942 | |c CF | ||